Quiz o województwie opolskim - Statystyki

Ogólne statystyki
  • Ten quiz został rozwiązany 3 670 razy
    3 654 od ostatniego zresetowania
  • Średni wynik to 9 z 16
Statystyki odpowiedzi
Pytanie Odpowiedź Ciekawostka % Poprawnych
Jaka jest pierwsza część rejestracji stolicy województwa? OP Tylko 3 powiaty w opolskiem mają dwuliterową pierwszą część rejestracji.
100%
Stolica: Opole Opole jest drugim najmniejszym miastem wojewódzkim w Polsce - mniejszy jest tylko Gorzów Wielkopolski.
99%
Ile jest parków narodowych w województwie opolskim? 0 Opolskie jest jednym z 5 województw, w których nie leży żaden park narodowy.
69%
Ile jest powiatów w województwie opolskim? 11 Opolskie posiada najmniej powiatów ze wszystkich województw w Polsce - o 3 mniej niż świętokrzyskie.
68%
Podaj najmniejsze województwo większe od opolskiego: Świętokrzyskie Województwo opolskie jest najmniejszym województwem w polsce pod względem populacji i powierzchni.
65%
Jaka jest najliczniejsza mniejszość zajmująca tereny województwa? Niemiecka W województwie opolskim mieszka ponad 105 tysięcy Niemców, co daje prawie 11% populacji całego województwa.
63%
Podaj miasto wojewódzkie mniejsze od Opola: Gorzów Wielkopolski Opole jest dopiero 27 z kolei największym miastem w Polsce.
61%
Opole - Stolica Polskiej ________ Piosenki Krajowy Festiwal Piosenki Polskiej odbywa się w Opolu od 1963 roku do dziś. Miał tylko jedną przerwę - w 1982 roku - z powodu stanu wojennego.
60%
Podaj drugie pod względem wielkości miasto województwa Kędzierzyn-Koźle Opole i Kędzierzyn-Koźle to jedyne miasta w województwie opolskim, które mają ponad 50 tysięcy mieszkańców, stanowi to około 5% polskich miast, które mają tyle mieszkańców.
59%
Legendarny niemiecki napastnik - najskuteczniejszy piłkarz w historii Mistrzostw Świata oraz Reprezentacji Niemiec: Miroslav Klose Miroslav Klose urodził się w Opolu, ponadto, jego rodzice byli Polakami.
55%
Największe polskie biuro podróży. Jego nazwa wzięła się od greckiej wyspy: Itaka Itaka powstała w 1989 roku w Opolu. Do dzisiaj ma tam swoją siedzibę.
54%
Polski piosenkarz. Najpopularniejszy twórca muzyki reggae w Polsce: Kamil Bednarek Kamil Bednarek urodził się w Brzegu. Śpiewał o tym w jednej z jego piosenek.
48%
Jedna z najlepszych drużyn siatkarskich w Polsce. 9 razy zdobywali Mistrzostwo Polski oraz Puchar Polski. Udało im się wygrać nawet Ligę Mistrzów: ZAKSA ZAKSA należy do Grupy Azoty Zakłady Azotowe Kędzierzyn - podgrupy polskiego chemicznego giganta - Grupy Azoty.
46%
Marszałek: Andrzej Buła Posiada uprawnienia trenera zawodowego II klasy.
13%
Największy park krajobrazowy w województwie Stobrawski Park Krajobrazowy Pozostałe parki to PK Góra Świętej Anny, PK Góry Opawskie oraz Załęczański PK.
13%
Wojewoda: Monika Jurek W 2009 została odznaczona Srebrnym Krzyżem Zasługi.
9%
Nie znaleziono quizów pasujących do podanych kryteriów
Rozkład punktacji
Procent ludzi z każdym wynikiem
Percentyl według liczby udzielonych odpowiedzi
Twoja historia wyników
Nie rozwiązałeś tego quizu od ostatniego zresetowania